Statistics for Cardinal Direction Tube Stations

Click here to take the quiz!

General Stats

  • This quiz has been taken 14 times
    (13 since last reset)
  • The average score is 15 of 56

Answer Stats

LineStations% Correct
CentralEast Acton
64%
CentralNorth Acton
64%
CircleSouth Kensington
64%
DistrictSouth Kensington
64%
NorthernEast Finchley
55%
Hammersmith & CityEast Ham
55%
DistrictEast Ham
55%
CentralWest Acton
55%
JubileeWest Ham
55%
DLRWest Ham
55%
Hammersmith & CityWest Ham
55%
DistrictWest Ham
55%
DistrictAldgate East
45%
Hammersmith & CityAldgate East
45%
CentralWest Ruislip
45%
PiccadillyNorth Ealing
36%
BakerlooNorth Wembley
36%
PiccadillySouth Harrow
36%
NorthernSouth Wimbledon
36%
MetropolitanWest Harrow
36%
DistrictWest Kensington
36%
PiccadillyHounslow East
27%
PiccadillyHounslow West
27%
JubileeNorth Greenwich
27%
MetropolitanNorth Harrow
27%
PiccadillySouth Ealing
27%
NorthernWest Finchley
27%
BakerlooLambeth North
18%
PiccadillyNorthfields
18%
MetropolitanNorthwick Park
18%
CentralSouth Ruislip
18%
CentralSouth Woodford
18%
DistrictWest Brompton
18%
Elizabeth LineWest Ealing
18%
JubileeWest Hampstead
18%
DLRWest India Quay
18%
Elizabeth LineWest India Quay
18%
DistrictDagenham East
9%
MetropolitanEastcote
9%
PiccadillyEastcote
9%
DLREast India
9%
DistrictEast Putney
9%
DistrictSouthfields
9%
PiccadillySouthgate
9%
DLRSouth Quay
9%
JubileeSouthwark
9%
CircleWestbourne Park
9%
DLRWestferry
9%
DistrictWestminster
9%
JubileeWestminster
9%
DLRWest Silvertown
9%
CentralNortholt
0%
MetropolitanNorthwood
0%
MetropolitanNorthwood Hills
0%
Elizabeth LineSouthall
0%
Elizabeth LineWest Drayton
0%

Score Distribution

Percentile by Number Answered

Percent of People with Each Score

Your Score History

You have not taken this quiz since the last reset